000
00298nam a22001337a 4500
008
170927b xxu||||| |||| 00| 0 eng d
020
_a
9780073375205
041
_a
eng
080
_a
37
100
_a
46
101
_a
EDU
245
_a
POWER LEARNING AND YOUR LIFE
_c
FELDMAN,R,S
942
_2
udc
_c
BK
999
_c
30196
_d
30196